| 000 | 00609nam a22002177a 4500 | ||
|---|---|---|---|
| 005 | 20170124110107.0 | ||
| 010 | _aA-794361 | ||
| 020 |
_c00.00 _a8170992982 |
||
| 035 | _aA-794361 | ||
| 037 | _bCen Lib/Ret | ||
| 040 |
_aDPL _bEN |
||
| 082 |
_aN _bMAH |
||
| 100 |
_aMahadevan, T K _918538 |
||
| 245 |
_aWe die but once : _cby T K Mahadevan _ba novel / |
||
| 260 |
_aNew Delhi _bMittal Publications _c1995 |
||
| 270 |
_bNew Delhi _aA-110, Mohan garden _e110059 |
||
| 300 |
_a171p. _c20cm(Hb) |
||
| 650 |
_aEnglish literature _9102027 |
||
| 650 |
_aEnglish novels _9102028 |
||
| 942 |
_2ddc _cEN _hN _mMAH |
||
| 999 |
_c130136 _d130136 |
||